Sports Quiz

Random Sports or NFL Quiz

15,000 Passing Yards, One NFL Team Quiz Stats

 Plays Quiz Updated Jan 15, 2021

Support Sporcle.
Go Orange.
Score 0/107 Timer 12:00
1 Play Today
Team Player % Correct
ColtsPeyton Manning
96%
GiantsEli Manning
96%
CowboysTony Romo
95.7%
BroncosPeyton Manning
95.5%
PatriotsTom Brady
95.3%
SaintsArchie Manning
95.3%
49ersJoe Montana
93.5%
PackersAaron Rodgers
92.8%
PackersBrett Favre
92.6%
CowboysTroy Aikman
91.5%
49ersSteve Young
91.3%
ChargersPhilip Rivers
91.1%
SaintsDrew Brees
90.1%
CardinalsKurt Warner
89.2%
SeahawksRussell Wilson
88.7%
FalconsMatt Ryan
88.1%
DolphinsDan Marino
87.8%
RavensJoe Flacco
87.7%
EaglesDonovan McNabb
87%
PanthersCam Newton
86.2%
EaglesCarson Wentz
86.1%
ChiefsAlex Smith
85.9%
SteelersBen Roethlisberger
85.6%
BengalsCarson Palmer
85%
BengalsAndy Dalton
84.9%
CowboysDak Prescott
84.6%
CardinalsCarson Palmer
84%
PatriotsDrew Bledsoe
84%
RaidersDerek Carr
83.9%
RamsJared Goff
83.7%
BroncosJohn Elway
82.9%
BuccaneersJameis Winston
82%
BillsJim Kelly
80%
CowboysRoger Staubach
79.9%
Oilers/TitansWarren Moon
79.8%
BearsJay Cutler
79.4%
Team Player % Correct
SteelersTerry Bradshaw
79.1%
ColtsAndrew Luck
79%
SeahawksMatt Hasselbeck
77.2%
PackersBart Starr
75.9%
JetsJoe Namath
75.4%
LionsMatthew Stafford
74.9%
Oilers/TitansSteve McNair
74.3%
VikingsDaunte Culpepper
73.4%
DolphinsRyan Tannehill
73%
TexansMatt Schaub
72.8%
GiantsPhil Simms
71%
EaglesRandall Cunningham
70.5%
ChargersDan Fouts
69.4%
BengalsBoomer Esiason
69.3%
JaguarsBlake Bortles
69.1%
Washington Football TeamKirk Cousins
68.6%
VikingsFran Tarkenton
66.2%
PanthersJake Delhomme
66%
49ersJeff Garcia
66%
RaidersRich Gannon
65.6%
ColtsJohnny Unitas
64.3%
JaguarsMark Brunell
63.2%
Washington Football TeamJoe Theismann
62.4%
ChiefsTrent Green
61%
RamsMarc Bulger
60%
RaidersKen Stabler
58.8%
BengalsKen Anderson
58%
GiantsKerry Collins
57.8%
JaguarsDavid Garrard
55.4%
DolphinsBob Griese
54.4%
EaglesRon Jaworski
54.3%
BrownsBernie Kosar
52.5%
ChiefsLen Dawson
51.5%
CowboysDanny White
49.8%
CardinalsJake Plummer
49.5%
SaintsAaron Brooks
49%
Team Player % Correct
49ersY.A. Tittle
48.3%
Washington Football TeamMark Rypien
47.3%
BrownsOtto Graham
44.7%
RamsJim Everett
43.8%
SeahawksDave Krieg
43.2%
JetsKen O'Brien
39.7%
ColtsBert Jones
38%
Washington Football TeamSonny Jurgensen
36.2%
PatriotsSteve Grogan
36.1%
SeahawksJim Zorn
36.1%
Washington Football TeamSammy Baugh
35.8%
BrownsBrian Sipe
35.4%
CardinalsNeil Lomax
33.5%
ChargersStan Humphries
32.5%
RamsNorm Van Brocklin
32.2%
CardinalsJim Hart
31.7%
FalconsSteve Bartkowski
29.6%
CowboysDon Meredith
29.1%
Oilers/TitansGeorge Blanda
28.2%
VikingsTommy Kramer
28.1%
RaidersDaryle Lamonica
28.1%
LionsBobby Layne
28%
BengalsJeff Blake
27.9%
49ersJohn Brodie
25.8%
ChargersJohn Hadl
24.9%
BillsJack Kemp
24.5%
RamsRoman Gabriel
24.2%
PackersLynn Dickey
23.8%
BillsJoe Ferguson
22.6%
Oilers/TitansDan Pastorini
21%
JetsRichard Todd
20.3%
ChiefsBill Kenney
12.1%
EaglesNorm Snead
11.7%
PatriotsBabe Parilli
11.7%
GiantsCharlie Conerly
9.1%

You're not logged in!

Compare scores with friends on all Sporcle quizzes.
OR
Log In

From the Vault

Kids TV Show Match-Up

by khands

These shows are with you for life.
Remove Ads.
Support Sporcle.
Get the best of Sporcle when you Go Orange. This ad-free experience offers more features, more stats, and more fun while also helping to support Sporcle. Thank you for becoming a member.

Show Comments

Extras

Top Quizzes Today


Score Distribution

Your Account Isn't Verified!

In order to create a playlist on Sporcle, you need to verify the email address you used during registration. Go to your Sporcle Settings to finish the process.

Report this User

Report this user for behavior that violates our Community Guidelines.

Details: